000 02658nam a2200289 4500
003 DO-SdBJH
005 20260306173122.0
008 260306b2025 |||||||| |||| 00| 0 spa d
040 _aDO-SdBJH
_bspa
_cDO-SdBJH
041 0 _aspa
090 _aCT MA-SDN 0007
_bEGAEE 2025
100 1 _aRodríguez Rojas, Octavio
_esustentante
245 1 0 _aNuevos desafíos de la seguridad colectiva y la conferencias de las FA. AA. en la región de América :
_bperíodo 2020-2023 /
_cOctavio Rodríguez Rojas, Luis Enrique Ricardo Santana ; asesor de contenido Freddy Marte Acosta ; asesor metodológico Marcos Mateo Capellán.
260 _aSanto Domingo, República Dominicana :
_bUNADE,
_c2025.
300 _axxix, 139 páginas.
502 _aTesis y trabajos de grado (Maestría en Seguridad y Defensa)--Universidad Nacional para la Defensa "General Juan Pablo Duarte y Díez", Escuela de Graduados de Altos Estudios Estratégico, Santo Domingo, 2025.
504 _aIncluye referencias bibliográficas y anexos.
505 _aAntecedentes, fundamentos y características de la política de Seguridad colectiva en el escenario internacional -- Principales instrumentos de la política de seguridad colectiva en el Continente Americano -- Nuevos desafíos de la seguridad colectiva y la conferencias de las Fuerzas Armadas en la región Americana.
520 _aEl presente trabajo refiere acerca de los nuevos desafíos de la política de seguridad colectiva y la conferencia de las Fuerzas Armadas Centroamericanas (CFAC) en la región americana, en el mismo se propone su transformación de un modelo cooperativo a uno de seguridad colectiva, en respuesta a la creciente complejidad de las amenazas emergentes en Centroamérica. El principio central de la seguridad colectiva radica en que un ataque a un miembro es considerado una agresión al conjunto. Actualmente la CFAC opera bajo el paradigma se seguridad cooperativa, enfocado principalmente en la prevención y reducción de la probabilidad de amenazas en la región. Esta limitación resulta insuficiente para enfrentar amenazas emergentes, como el crimen organizado transnacional, que, requiere respuestas inmediatas y vinculantes.
650 7 _2lemb
_aSeguridad colectiva
_vInvestigaciones
_xCentroamérica
_y2020-2023
_zCentroamérica
650 7 _aSeguridad regional
_vInvestigaciones
_y2020-2023
_zCentroamérica
650 7 _2lemb
_aCrimen organizado transnacional
_vInvestigaciones
_xPrevención
_y2020-2023
700 1 _aRicardo Santana, Luis Enrique
_esustentante
700 1 _aMarte Acosta, Freddy
_easesor de contenido
700 1 _aMateo Capellán, Marcos
_easesor metodológico
942 _2CL
_cT
999 _c8594
_d8594